Readings in Philippine history / Ronald M. Corpuz, Claudio V. Tabotabo. (Record no. 21317)
| 000 -LEADER | |
|---|---|
| fixed length control field | 00532nam a22001697a 4500 |
| 020 ## - INTERNATIONAL STANDARD BOOK NUMBER | |
| ISBN | 9786214063796 |
| 082 ## - DEWEY DECIMAL CLASSIFICATION NUMBER | |
| Classification number | 959.9 |
| Item number | C8229 2025 |
| 100 ## - MAIN ENTRY--AUTHOR NAME | |
| Personal name | Corpuz, Ronald M., author. |
| 245 ## - TITLE STATEMENT | |
| Title | Readings in Philippine history / Ronald M. Corpuz, Claudio V. Tabotabo. |
| 250 ## - EDITION STATEMENT | |
| Edition statement | Revised edition. |
| 260 ## - PUBLICATION, DISTRIBUTION, ETC. (IMPRINT) | |
| Place of publication | Manila : |
| Name of publisher | Mindshapers Co., Inc., |
| Year of publication | ©2025. |
| 300 ## - PHYSICAL DESCRIPTION | |
| Number of Pages | viii, 259 pages ; |
| Other physical details | 26 cm |
| 500 ## - GENERAL NOTE | |
| General note | Includes bibliographical references. |
| 650 ## - SUBJECT ADDED ENTRY--TOPICAL TERM | |
| Topical Term | Philiippines -- History. |
| 700 ## - ADDED ENTRY--PERSONAL NAME | |
| Personal name | Tabotabo, Claudio V. |
| 942 ## - ADDED ENTRY ELEMENTS (KOHA) | |
| Koha item type | Books |
| Source of acquisition | Permanent Location | Date acquired | Koha item type | Collection code | Accession Number | Lost status | Shelving location | Withdrawn status | Current Location | Full call number |
|---|---|---|---|---|---|---|---|---|---|---|
| School | Cagayan State University - Carig Library | 2025-08-29 | Books | Filipiniana | 011105 | Filipiniana Section | Cagayan State University - Carig Library | 959.9 C8229 2025 | ||
| School | Cagayan State University - Carig Library | 2025-08-29 | Books | Filipiniana | 011106 | Filipiniana Section | Cagayan State University - Carig Library | 959.9 C8229 2025 | ||
| School | Cagayan State University - Carig Library | 2025-08-29 | Books | Filipiniana | 011107 | Filipiniana Section | Cagayan State University - Carig Library | 959.9 C8229 2025 |